[Event "Wch Blitz"]
[Site "Samarkand"]
[Date "2023.12.30"]
[Round "12"]
[White "Pingin, Artem"]
[Black "Paravyan, David"]
[Result "1/2-1/2"]
[WhiteElo "2419"]
[BlackElo "2612"]
[PlyCount "120"]
[EventDate "2023.12.29"]
[EventType "swiss (blitz)"]
[EventRounds "21"]
[EventCountry "UZB"]
[SourceTitle "CB01_2024"]
[SourceDate "2024.01.03"]
[SourceVersion "1"]
[SourceVersionDate "2024.01.03"]
[SourceQuality "1"]

1. e4 e5 2. Nf3 Nf6 3. Nxe5 d6 4. Nf3 Nxe4 5. d4 d5 6. Bd3 Bd6 7. c4 c6 8. 0-0 0-0 9. Re1 Bf5 10. Qb3 Qd7 11. Nc3 Nxc3 12. Bxf5 Qxf5 13. bxc3 b6 14. cxd5 cxd5 15. Qb5 Qd7 16. a4 Qxb5 17. axb5 a5 18. bxa6 Nxa6 19. Bd2 Nc7 20. Kf1 f6 21. g3 Kf7 22. Nh4 Rxa1 23. Rxa1 Ke6 24. Re1+ Kd7 25. Nf5 Ne6 26. Ne3 Nc7 27. Nf5 Ne6 28. Ne3 Kc6 29. Ke2 Ng5 30. Ra1 Ne4 31. Ra7 g6 32. Rxh7 Ra8 33. f3 Nxd2 34. Kxd2 b5 35. Nc2 g5 36. Kd3 Rf8 37. Ne3 f5 38. Rh6 f4 39. Ng4 fxg3 40. Ne5+ Kc7 41. Rh7+ Kc8 42. hxg3 Bxe5 43. dxe5 Rxf3+ 44. Kd4 Rxg3 45. e6 Kd8 46. Rd7+ Ke8 47. Rxd5 Ke7 48. Ke5 Rxc3 49. Rxb5 g4 50. Rb7+ Ke8 51. Rg7 g3 52. Kf6 Rf3+ 53. Ke5 Kf8 54. Rg4 Ra3 55. Kf4 Ra4+ 56. Kxg3 Ra5 57. Kf4 Ke7 58. Rg6 Rb5 59. Ke4 Ra5 60. Rh6 Rb5 1/2-1/2

[Event "Wch Blitz"]
[Site "Samarkand"]
[Date "2023.12.30"]
[Round "17"]
[White "Pingin, Artem"]
[Black "Pranav, V."]
[Result "0-1"]
[WhiteElo "2419"]
[BlackElo "2611"]
[PlyCount "150"]
[EventDate "2023.12.29"]
[EventType "swiss (blitz)"]
[EventRounds "21"]
[EventCountry "UZB"]
[SourceTitle "CB01_2024"]
[SourceDate "2024.01.03"]
[SourceVersion "1"]
[SourceVersionDate "2024.01.03"]
[SourceQuality "1"]

1. e4 e5 2. Nf3 Nc6 3. Bb5 a6 4. Ba4 Nf6 5. 0-0 b5 6. Bb3 Bc5 7. a4 Rb8 8. c3 d6 9. d4 Bb6 10. a5 Ba7 11. Be3 0-0 12. h3 Ra8 13. Nbd2 h6 14. Re1 Re8 15. dxe5 Nxe5 16. Bxa7 Rxa7 17. Nxe5 dxe5 18. Qe2 c5 19. Qe3 Qe7 20. Nf1 c4 21. Bc2 Rd7 22. Ng3 Rd6 23. Red1 Be6 24. Rxd6 Qxd6 25. Nf1 Qc7 26. Qb6 Qxb6 27. axb6 Bc8 28. Ne3 Rd8 29. f3 Kf8 30. b3 cxb3 31. Bxb3 Rd6 32. Kf2 Rxb6 33. Ke2 Rc6 34. Kd2 Be6 35. Bxe6 Rxe6 36. c4 bxc4 37. Nxc4 Nd7 38. Ra5 f6 39. Ke2 Rc6 40. Ne3 Nc5 41. Nd5 Ne6 42. Kf2 h5 43. h4 Kf7 44. Kg3 Nd4 45. Nb4 Rb6 46. Nxa6 Rb2 47. Nc5 Ne2+ 48. Kh2 Nf4 49. Ra7+ Kg6 50. Nd7 Rxg2+ 51. Kh1 Rg3 52. Ra6 Kh7 53. Ra7 Kh6 54. Ra6 Ng6 55. Ra8 Rxf3 56. Kg2 Nxh4+ 57. Kh2 Ng6 58. Nc5 Nf4 59. Rh8+ Kg5 60. Rg8 g6 61. Nd7 Re3 62. Nf8 Rxe4 63. Nh7+ Kf5 64. Rf8 Re2+ 65. Kg1 Nd5 66. Rd8 Rd2 67. Rd6 Rd4 68. Ra6 h4 69. Nf8 Nf4 70. Nh7 Nd5 71. Kh2 g5 72. Ra2 g4 73. Nf8 Nf4 74. Ra1 g3+ 75. Kh1 Rd2 0-1

[Event "Wch Blitz"]
[Site "Samarkand"]
[Date "2023.12.29"]
[Round "7"]
[White "Mitrabha, Guha"]
[Black "Pingin, Artem"]
[Result "1-0"]
[WhiteElo "2508"]
[BlackElo "2419"]
[PlyCount "52"]
[EventDate "2023.12.29"]
[EventType "swiss (blitz)"]
[EventRounds "21"]
[EventCountry "UZB"]
[SourceTitle "CB01_2024"]
[SourceDate "2024.01.03"]
[SourceVersion "1"]
[SourceVersionDate "2024.01.03"]
[SourceQuality "1"]

1. Nf3 d5 2. c4 dxc4 3. e3 e6 4. Bxc4 a6 5. a4 c5 6. 0-0 Nf6 7. b3 Nc6 8. Bb2 Be7 9. d4 0-0 10. Nbd2 b6 11. Qe2 Bb7 12. Rfd1 cxd4 13. Nxd4 Qc7 14. Rac1 Rfc8 15. N2f3 Nxd4 16. Nxd4 Qb8 17. Nxe6 fxe6 18. Bxe6+ Kh8 19. Bxc8 Bxc8 20. Qc4 Bf5 21. h3 Qf8 22. Qc6 Be4 23. Qxb6 Qf7 24. f3 Bd5 25. Rc7 Bd8 26. Rxf7 Bxb6 1-0

[Event "Wch Rapid"]
[Site "Samarkand"]
[Date "2023.12.28"]
[Round "13"]
[White "Pingin, Artem"]
[Black "Dreev, Alexey"]
[Result "0-1"]
[WhiteElo "2419"]
[BlackElo "2606"]
[PlyCount "167"]
[EventDate "2023.12.26"]
[EventType "swiss (rapid)"]
[EventRounds "13"]
[EventCountry "UZB"]
[SourceTitle "CB01_2024"]
[SourceDate "2024.01.03"]
[SourceVersion "1"]
[SourceVersionDate "2024.01.03"]
[SourceQuality "1"]

1. e4 c5 2. Nf3 e6 3. d4 cxd4 4. Nxd4 Nf6 5. Nc3 Nc6 6. a3 d6 7. Be3 Be7 8. Be2 0-0 9. Qd3 Ne5 10. Qd2 a6 11. 0-0-0 Neg4 12. Kb1 Qc7 13. h4 Nxe3 14. Qxe3 b5 15. g4 Qc5 16. g5 Nd7 17. Qd2 Rb8 18. Nb3 Qc7 19. h5 Ne5 20. h6 g6 21. f4 Nc4 22. Qd3 d5 23. Qd4 f6 24. exd5 e5 25. d6 Bxd6 26. Bxc4+ bxc4 27. Qd5+ Qf7 28. Qxd6 cxb3 29. Qxb8 bxc2+ 30. Ka1 cxd1Q+ 31. Rxd1 exf4 32. Qxf4 fxg5 33. Qxg5 Be6 34. Qe5 Bb3 35. Re1 Qf6 36. Qc7 g5 37. Qb7 Bf7 38. Rh1 Re8 39. Qg2 Re5 40. Qg3 Re8 41. Qd3 Bg6 42. Qd5+ Bf7 43. Ne4 Qe5 44. Qxe5 Rxe5 45. Nf6+ Kh8 46. Rd1 Bg8 47. b4 Re6 48. Ng4 Re4 49. Nf6 Re6 50. Rf1 Bf7 51. Ng4 Kg8 52. Nf6+ Kh8 53. Kb2 Re2+ 54. Kc3 Re6 55. Kd4 Bg6 56. Kc5 Bd3 57. Rf3 Bg6 58. Nd7 Re8 59. Rg3 Bf5 60. Nf6 Rf8 61. Nh5 g4 62. Kb6 Bg6 63. Ng7 Rf6+ 64. Ka5 Rf3 65. Rxg4 Rxa3+ 66. Kb6 Rh3 67. Ne6 Bf5 68. Rd4 Bxe6 69. Rd8+ Bg8 70. Rd6 Rh4 71. Ka5 Rg4 72. Rxa6 Rg6 73. Ra8 Rxh6 74. b5 Rh1 75. Kb6 Kg7 76. Rd8 h5 77. Kc7 Rc1+ 78. Kb7 Bh7 79. Rd4 Kf6 80. b6 Ke5 81. Rh4 Be4+ 82. Ka7 Ra1+ 83. Kb8 Rh1 84. Kc7 0-1

[Event "RUS Cup final"]
[Site "Khanty-Mansiysk"]
[Date "2023.12.05"]
[Round "1.1"]
[White "Zvjaginsev, Vadim"]
[Black "Pingin, Artem"]
[Result "1/2-1/2"]
[WhiteElo "2567"]
[BlackElo "2419"]
[PlyCount "125"]
[EventDate "2023.12.05"]
[EventType "k.o."]
[EventRounds "4"]
[EventCountry "RUS"]
[SourceTitle "CB50_2023"]
[SourceDate "2023.12.13"]
[SourceVersion "1"]
[SourceVersionDate "2023.12.13"]
[SourceQuality "1"]

1. e4 c5 2. Nf3 e6 3. c3 Nf6 4. d3 Nc6 5. g3 d5 6. e5 Nd7 7. d4 cxd4 8. cxd4 f6 9. exf6 Nxf6 10. Nc3 Bd6 11. Bg2 0-0 12. 0-0 Bd7 13. Re1 Qb6 14. Na4 Qc7 15. Be3 Rae8 16. Rc1 Ng4 17. Nc5 Nxe3 18. Rxe3 h6 19. Nxd7 Qxd7 20. Bh3 Rf6 21. Qe2 Kh8 22. a3 a6 23. Re1 Nd8 24. Nh4 Bc7 25. Qh5 Bb6 26. Ng6+ Kg8 27. Ne5 Qe7 28. Ng4 Rff8 29. Qxd5 exd5 30. Rxe7 Rxe7 31. Rxe7 Bxd4 32. Re2 Nc6 33. Bg2 Rd8 34. Kf1 Kf7 35. f4 h5 36. Nf2 Ne7 37. Bh3 Bxf2 38. Kxf2 Rd6 39. Bg2 a5 40. Rd2 Rb6 41. Bf3 g6 42. h3 Ke6 43. g4 hxg4 44. hxg4 Kd6 45. Bd1 Kc5 46. Kg3 Rf6 47. Bc2 Rb6 48. Bb1 Re6 49. Kh4 Re1 50. Bc2 d4 51. Kg5 Rg1 52. Be4 b5 53. Rc2+ Kd6 54. a4 b4 55. Rc4 Rd1 56. Bxg6 Nd5 57. Be4 Ne3 58. Rc6+ Kd7 59. Rh6 Rg1 60. Rh7+ Kd6 61. Rh6+ Kd7 62. Rh7+ Kd6 63. Rh6+ 1/2-1/2

[Event "Khanty-Mansiysk Governor Cup Rapid"]
[Site "Khanty-Mansiysk"]
[Date "2023.11.27"]
[Round "6"]
[White "Pingin, Artem"]
[Black "Makarian, Rudik"]
[Result "0-1"]
[WhiteElo "2398"]
[BlackElo "2552"]
[PlyCount "122"]
[EventDate "2023.11.26"]
[EventType "swiss (rapid)"]
[EventRounds "11"]
[EventCountry "RUS"]
[SourceTitle "CB49_2023"]
[SourceDate "2023.12.06"]
[SourceVersion "1"]
[SourceVersionDate "2023.12.06"]
[SourceQuality "1"]

1. e4 c5 2. Nf3 d6 3. d4 cxd4 4. Nxd4 Nf6 5. Nc3 a6 6. Be2 e6 7. 0-0 Be7 8. f4 0-0 9. a4 Qc7 10. Be3 Nc6 11. Nb3 b6 12. Qe1 Bb7 13. Bf3 Rac8 14. Rd1 Rfe8 15. g4 Na5 16. Nxa5 bxa5 17. g5 Nd7 18. Bg2 Qb8 19. Kh1 Ba8 20. Bc1 Qb4 21. Rd3 Nf8 22. Qf2 Bd8 23. Rfd1 Bb6 24. Qf1 Ng6 25. Rh3 Bd4 26. Ne2 Bc5 27. Nc3 Bd4 28. Ne2 Bc5 29. Nc3 Rcd8 30. b3 Rc8 31. Bd2 Qb6 32. Ne2 Bb4 33. Be3 Bc5 34. Bc1 Bb4 35. Be3 Qb8 36. Rc1 Ba3 37. c4 Bxc1 38. Bxc1 d5 39. cxd5 exd5 40. f5 Nf8 41. g6 fxg6 42. f6 gxf6 43. Qxf6 Qe5 44. Qf1 d4 45. Bf4 Qf6 46. e5 Rxe5 47. Bxa8 Rxa8 48. Rf3 Ree8 49. Ng3 Qe6 50. Kg2 Rac8 51. Rf2 Qd5+ 52. Kh3 Ne6 53. Bh6 Ng5+ 54. Bxg5 Qxg5 55. Qxa6 Qd5 56. Rf6 Qd7+ 57. Kh4 d3 58. Kg5 Re5+ 59. Kh4 Rce8 60. Qc4+ Qd5 61. Qf4 d2 0-1

[Event "Khanty-Mansiysk Governor Cup Rapid"]
[Site "Khanty-Mansiysk"]
[Date "2023.11.26"]
[Round "4"]
[White "Smirnov, Pavel"]
[Black "Pingin, Artem"]
[Result "0-1"]
[WhiteElo "2538"]
[BlackElo "2398"]
[PlyCount "84"]
[EventDate "2023.11.26"]
[EventType "swiss (rapid)"]
[EventRounds "11"]
[EventCountry "RUS"]
[SourceTitle "CB49_2023"]
[SourceDate "2023.12.06"]
[SourceVersion "1"]
[SourceVersionDate "2023.12.06"]
[SourceQuality "1"]

1. d4 Nf6 2. c4 e6 3. g3 c5 4. Nf3 cxd4 5. Nxd4 d5 6. Bg2 e5 7. Nf3 d4 8. 0-0 Nc6 9. e3 Be7 10. exd4 exd4 11. Bf4 0-0 12. Ne5 Qb6 13. Re1 Be6 14. Nd2 Nxe5 15. Rxe5 a6 16. Qb3 Qxb3 17. Nxb3 Rad8 18. Na5 Ng4 19. Ree1 Bb4 20. Nxb7 Bxe1 21. Rxe1 Rc8 22. c5 Nf6 23. c6 Bd5 24. c7 Bxg2 25. Kxg2 Nd5 26. Bd6 Rfe8 27. Rxe8+ Rxe8 28. Nc5 a5 29. Kf3 f5 30. Nd7 Kf7 31. Nc5 Rc8 32. Be5 Nxc7 33. Bxd4 Rd8 34. Be3 Rd1 35. a4 Nd5 36. Nb7 Nxe3 37. Kxe3 Rd5 38. g4 g6 39. gxf5 gxf5 40. Kf4 Ke7 41. Kg5 Kd7 42. Kf6 f4 0-1